Detalles MARC
| 000 -LEADER |
| campo de control de longitud fija |
01664nam a2200325 i 4500 |
| 003 - IDENTIFICADOR DE NÚMERO DE CONTROL |
| campo de control |
peliumch |
| 005 - FECHA Y HORA DE LA ÚLTIMA TRANSACCIÓN |
| campo de control |
20260119111209.0 |
| 007 - CAMPO FIJO DE DESCRIPCIÓN FÍSICA--INFORMACIÓN GENERAL |
| campo de control de longitud fija |
ta |
| 008 - DATOS DE LONGITUD FIJA--INFORMACIÓN GENERAL |
| campo de control de longitud fija |
260119t2013 pe ||||gr|||| 00| 0 spa d |
| 020 ## - NÚMERO INTERNACIONAL ESTÁNDAR DEL LIBRO |
| Número Internacional Estándar del Libro |
9786124059926 |
| 040 ## - FUENTE DE CATALOGACIÓN |
| Centro catalogador/agencia de origen |
UMCH |
| Lengua de catalogación |
spa |
| Centro/agencia transcriptor |
UMCH |
| Centro/agencia modificador |
jmr |
| Normas de descripción |
rda |
| 041 ## - CÓDIGO DE IDIOMA |
| Código de lengua del texto/banda sonora o título independiente |
spa |
| 043 ## - CÓDIGO DE ÁREA GEOGRÁFICA |
| Código de área geográfica |
s-pe--- |
| 082 ## - NÚMERO DE LA CLASIFICACIÓN DECIMAL DEWEY |
| Número de clasificación |
343.2C13/R75 |
| 100 ## - ENTRADA PRINCIPAL--NOMBRE DE PERSONA |
| Nombre de persona |
Rodríguez Chávez, Iván |
| Término indicativo de función/relación |
autor |
| 245 ## - MENCIÓN DEL TÍTULO |
| Título |
La constitución de 1993 : |
| Resto del título |
A veinte años de su promulgación / |
| Mención de responsabilidad, etc. |
Iván Rodríguez Chávez |
| 250 ## - MENCION DE EDICION |
| Mención de edición |
Primera edición |
| 264 #1 - PRODUCCIÓN, PUBLICACIÓN, DISTRIBUCIÓN, FABRICACIÓN Y COPYRIGHT |
| Producción, publicación, distribución, fabricación y copyright |
Lima ; |
| Nombre del de productor, editor, distribuidor, fabricante |
Universidad Ricardo Palma. |
| Fecha de producción, publicación, distribución, fabricación o copyright |
2013 |
| 264 #4 - PRODUCCIÓN, PUBLICACIÓN, DISTRIBUCIÓN, FABRICACIÓN Y COPYRIGHT |
| Fecha de producción, publicación, distribución, fabricación o copyright |
©2013 |
| 300 ## - DESCRIPCIÓN FÍSICA |
| Extensión |
941 páginas ; |
| Dimensiones |
24 cm. |
| 504 ## - NOTA DE BIBLIOGRAFÍA, ETC. |
| Nota de bibliografía, etc. |
Bibliografía : 939-941 |
| 505 0# - NOTA DE CONTENIDO CON FORMATO |
| Información miscelánea |
1 : |
| Título |
Una omisión que no debe continuar y una propuesta constitucional, el poder judicial como defensor de la constitución-- |
| Información miscelánea |
2: |
| Título |
Constitución y universidad-- |
| Información miscelánea |
3: |
| Título |
La democracia directa en la constitución de 1993-- |
| Información miscelánea |
4: |
| Título |
¿Reforma, mutación o enmienda constitucional?-- |
| Información miscelánea |
5: |
| Título |
Propuestas para la reforma de la estructura del Estado para fortalecer la seguridad jurídica de valores democráticos-- |
| Información miscelánea |
6: |
| Título |
El principio de supremacía constitucional-- |
| Información miscelánea |
7: |
| Título |
Descentralización ahora para el real desarrollo del país y la efectiva construcción del estado social y democrático de derecho-- |
| Información miscelánea |
8: |
| Título |
La configuración orgánica del tribunal constitucional-- |
| Información miscelánea |
9: |
| Título |
Estudio introductorio a la constitución de 1993, etc. |
| 521 ## - NOTA DE PÚBLICO DESTINATARIO |
| Nota de público destinatario |
Recomendado para un público en general. |
| 650 14 - PUNTO DE ACCESO ADICIONAL DE MATERIA--TÉRMINO DE MATERIA |
| Término de materia o nombre geográfico como elemento de entrada |
Constitución |
| 942 ## - ELEMENTOS DE ENTRADA SECUNDARIOS (KOHA) |
| Fuente del sistema de clasificación o colocación |
Clasificación Decimal Dewey |
| Tipo de ítem Koha |
Libros |
| Suprimir en OPAC |
No |